00387 2200157 4500001002100000005001500021035002000036245004100056100001600097300002800113260003200141082000800173084001400181020002200195990001200217INLIS00000000000187820250516081705 a0010-05250001701 aMencintaimu Dalam Doa /cShineeminka0 aShineeminka a213 hlm ;c14 x 20,5 cm aTegal :bGrass Media,c2019 a813 a813 SHI m a978-623-7078-12-8 a0754802